| 000 | 00548nam a22001577a 4500 | ||
|---|---|---|---|
| 005 | 20120614114037.0 | ||
| 020 |
_a812230690X _cRs. 88.00(hbk) |
||
| 035 | _aB-63285 | ||
| 037 |
_aDPL _bENG |
||
| 100 |
_aChandra, Suresh _949041 |
||
| 245 |
_aHale and hearty : _bEver after fifty / _cby Suresh Chandra |
||
| 260 |
_aNew Delhi _bPustak Mahal _c2001 |
||
| 300 |
_a165p. _c22 cms. |
||
| 942 |
_2ddc _cEN _h362.6 _mSUR |
||
| 999 |
_c67903 _d67903 |
||